|
|
|
|
| LEADER |
00000caa a22000002c 4500 |
| 001 |
1589523962 |
| 003 |
DE-627 |
| 005 |
20200623093751.0 |
| 007 |
tu |
| 008 |
190311s2007 xx ||||| 00| ||eng c |
| 020 |
|
|
|a 9783515089296
|
| 035 |
|
|
|a (DE-627)1589523962
|
| 035 |
|
|
|a (DE-576)519523962
|
| 035 |
|
|
|a (DE-599)BSZ519523962
|
| 040 |
|
|
|a DE-627
|b ger
|c DE-627
|e rakwb
|
| 041 |
|
|
|a eng
|
| 084 |
|
|
|a 1
|2 ssgn
|
| 100 |
1 |
|
|0 (DE-588)1069171905
|0 (DE-627)821468731
|0 (DE-576)160419492
|4 aut
|a Brenk, Frederick E.
|d 1929-2022
|
| 109 |
|
|
|a Brenk, Frederick E. 1929-2022
|a Brenk, Frederick 1929-2022
|a Brenk, F. E. 1929-2022
|
| 245 |
1 |
0 |
|a Édouard des Places
|
| 264 |
|
1 |
|c 2007
|
| 336 |
|
|
|a Text
|b txt
|2 rdacontent
|
| 337 |
|
|
|a ohne Hilfsmittel zu benutzen
|b n
|2 rdamedia
|
| 338 |
|
|
|a Band
|b nc
|2 rdacarrier
|
| 500 |
|
|
|a Erstveröffentlichung: 2002
|
| 600 |
1 |
7 |
|0 (DE-588)119087502
|0 (DE-627)079880096
|0 (DE-576)160716659
|a Des Places, Edouard
|d 1900-2000
|2 gnd
|
| 773 |
0 |
8 |
|i In
|a Brenk, Frederick E., 1929 - 2022
|t With unperfumed voice
|d Stuttgart : Steiner, 2007
|g (2007), Seite 523-526
|h 544 S.
|w (DE-627)523886284
|w (DE-576)261722808
|z 3515089292
|z 9783515089296
|7 nnam
|
| 773 |
1 |
8 |
|g year:2007
|g pages:523-526
|
| 935 |
|
|
|a BIIN
|
| 951 |
|
|
|a AR
|
| BIB |
|
|
|a 1
|
| ELC |
|
|
|b 1
|
| ITA |
|
|
|a 1
|t 1
|
| LOK |
|
|
|0 000 xxxxxcx a22 zn 4500
|
| LOK |
|
|
|0 001 305951206X
|
| LOK |
|
|
|0 003 DE-627
|
| LOK |
|
|
|0 004 1589523962
|
| LOK |
|
|
|0 005 20190311212603
|
| LOK |
|
|
|0 008 190311||||||||||||||||ger|||||||
|
| LOK |
|
|
|0 035
|a (DE-Tue135-1)173947
|
| LOK |
|
|
|0 040
|a DE-Tue135-1
|c DE-627
|d DE-Tue135-1
|
| LOK |
|
|
|0 852
|a DE-Tue135-1
|
| LOK |
|
|
|0 852 1
|c UBWI1434857/BKF/31
|m p
|9 00
|
| LOK |
|
|
|0 852 2
|b UBW
|9 00
|
| LOK |
|
|
|0 935
|a iSWA
|
| LOK |
|
|
|0 938
|k p
|
| LOK |
|
|
|0 939
|a 11-03-19
|b l12
|
| ORI |
|
|
|a SA-MARC-ixtheoa001.raw
|
| SUB |
|
|
|a BIB
|
| SYA |
0 |
0 |
|a Places, Edouard des,1900-2000,Des Places, Édouard,1900-2000,Places, Édouard des,1900-2000,DesPlaces, Edouard,1900-2000,DesPlaces, Édouard,1900-2000,Des Places, Édouard Barbou,1900-2000,Barbou des Places, Édouard,1900-2000,Des Places, Édourd,1900-2000,Des Places, Pierre-Paul-Girard-Edouard-Barbon,1900-2000,Des Places, Edouard Barbou,1900-2000
|